书目信息 |
| 题名: |
可编程控制器应用技术
|
|
| 作者: | 胡学林 编著 | |
| 分册: | ||
| 出版信息: | 北京 高等教育出版社 2001.8 |
|
| 页数: | 313页 | |
| 开本: | 26cm | |
| 丛书名: | ||
| 单 册: | ||
| 中图分类: | TP332.3-39 | |
| 科图分类: | ||
| 主题词: | 电子数字计算机 | |
| 电子资源: | ||
| ISBN: | 7-04-009960-8 | |
| 000 | 00585nam0 2200193 45 | |
| 001 | 0236819457 | |
| 005 | 2002061110133820 | |
| 010 | @a7-04-009960-8@dRMB 17.10 | |
| 100 | @a20020611d2001 km y0chiy0120 ea | |
| 101 | 0 | @achi |
| 102 | @aCN@b110000 | |
| 200 | 1 | @a可编程控制器应用技术@AKe Bian Cheng Kong Zhi Qi Ying Yong Ji Shu@f胡学林编著@Fhu xue lin bian zhu |
| 210 | @a北京@c高等教育出版社@d2001.8 | |
| 215 | @a313页@d26cm | |
| 606 | 0 | @a电子数字计算机 |
| 690 | @aTP332.3-39@v3 | |
| 701 | 0 | @a胡学林@Ahu xue lin@4编著 |
| 801 | 0 | @aCN@bPFT@c20020611 |
| 905 | @a安徽大学@dTP332.3-39@eH510 | |
| 可编程控制器应用技术/胡学林编著.-北京:高等教育出版社,2001.8 |
| 313页;26cm |
| ISBN 7-04-009960-8:RMB 17.10 |
| ● |
| 相关链接 |
|
|
|
正题名:可编程控制器应用技术
索取号:TP332.3-39/H510
 
预约/预借
| 序号 | 登录号 | 条形码 | 馆藏地/架位号 | 状态 | 备注 |
| 1 | 363286 | 203632863 | 自科库301/301自科库 61排5列3层/ [索取号:TP332.3-39/H510] | 在馆 | |
| 2 | 363287 | 203632872 | 自科库301/301自科库 61排5列3层/ [索取号:TP332.3-39/H510] | 在馆 | |
| 3 | 363288 | 203632881 | 自科二线404/301自科库 55排2列2层/ [索取号:TP332.3-39/H510] | 在馆 |